Chain Link Phrases II Quiz Stats

 Plays Quiz Updated Nov 29, 2011

Also try: Chain Link Phrases
Challenge
Share
Tweet
Embed
Score 0/50 Timer 05:00
25 Plays Today
% Correct
BOY
95.6%
BOY
95.6%
BUS
95.5%
BUS
95.5%
TWO
93.5%
PHONE
93%
PHONE
93%
KITCHEN
93%
KITCHEN
93%
BAND
92.6%
BAND
92.6%
TWO
92.3%
NUMBER
91.3%
NUMBER
91.3%
THOUSAND
91.2%
THOUSAND
91.2%
CELL
90.7%
CELL
90.7%
SCHOOL
89.4%
SCHOOL
89.4%
ISLAND
89.3%
ISLAND
89.3%
SOUP
88.8%
SOUP
88.8%
SAW
87.3%
% Correct
SAW
87.3%
OUT
87.2%
OUT
87.2%
COLD
82.6%
COLD
82.6%
MAD
76.9%
MAD
76.9%
MONEY
76.4%
MONEY
76.4%
STRIKE
76.1%
STRIKE
76.1%
COUNTER
74.8%
COUNTER
74.8%
BLOOD
72.2%
BLOOD
72.2%
HOPPING
68.9%
HOPPING
68.9%
DUCK
64.1%
DUCK
64.1%
ART
56.8%
ART
56.8%
CLIP
56.7%
CLIP
56.7%
WOOD
46.5%
WOOD
46.5%

You're not logged in!

Compare scores with friends on all Sporcle quizzes.
Join for Free
OR
Log In

You Might Also Like...

Show Comments

Extras

Top Quizzes Today


Score Distribution

Your Account Isn't Verified!

In order to create a playlist on Sporcle, you need to verify the email address you used during registration. Go to your Sporcle Settings to finish the process.

Report this User

Report this user for behavior that violates our Community Guidelines.

Details: